Slovenské zdravotníctvo 1994 - epikríza

Bibliographic Details
Main Author: Hatala, Robert, 1955- (Author)
Format: Article
Language:Slovak
ISSN:1335-0234
Subjects:

MARC

LEADER 00000nab a2200000 a 4500
001 vtls000528935
003 SK-MaSNL
005 20260304094954.0
008 250425c1994 xo 0 slo
015 |a SNBRB19rr/mm-uuuuu 
035 |a CL0529073 
035 |a urn:nbn:sk:snk-abdc6 
035 |a (urnnbn)urn:nbn:sk:snk:ar-a054kw 
035 |a (uuid)95eec083-81c5-469d-8137-f0192666096c 
040 |a SNKBUCL  |b slo  |c SNKBUCL  |e AACR2 
041 0 |a slo 
044 |a xo  |c SK 
080 |a 614.2(437.6)  |2 1981 
100 1 |a Hatala, Robert,  |d 1955-  |4 aut  |9 13693 
245 1 0 |a Slovenské zdravotníctvo 1994 - epikríza  |c Róbert Hatala 
650 0 7 |a zdravotníctvo  |2 snkbucl  |9 1269 
655 7 |a články z novín a časopisov  |2 snkbucl  |9 267496 
773 0 |t Slovenský lekár  |g Roč. 4 (18), č. 9 (1994), s. 2-7  |x 1335-0234 
850 |a Slovenská národná knižnica 
852 |a Slovenská národná knižnica 
954 |a odborná, vedecká literatúra pôvodná (slovenská)  |2 lita 
958 |a article27 
958 |a RK 
958 |a MI 
958 |a OND 
958 |a EUIPO 
992 |a RBX 
999 |c 2829989  |d 2831919